| 000 | 00811nam a22002177a 4500 | ||
|---|---|---|---|
| 999 |
_c6786 _d6786 |
||
| 003 | AR-CdUCM | ||
| 008 | 190319b ||||| |||| 00| 0 spa d | ||
| 040 |
_aMUNICIPALIDAD PROVINCIAL DEL CUSCO _cBIBLIOTECA MUNICIPAL DEL CUSCO |
||
| 082 |
_a546 / _bJ21 |
||
| 100 |
_aGerhart Jander _919106 |
||
| 245 | _aQuímica inorgánica y general / | ||
| 260 |
_aBarcelona : _bGrijalbo, _c1965. |
||
| 300 |
_a734 paginas ; _c23 cm. |
||
| 505 | _aContenido :Conceptos fundamentales de la química y su aplicación con el ejemplo de los sistemas acuosos --Los componentes elementales del agua --Los componentes del aire --El carbono --Los metales ... | ||
| 650 |
_aQuímica _94512 |
||
| 650 |
_aGeneral _919107 |
||
| 650 |
_aInorgánica _919108 |
||
| 700 |
_aHans Spandau _919109 |
||
| 942 |
_2ddc _cLIBROS |
||
| 945 | _arjall | ||